| 000 | 00755 a2200277 4500 | ||
|---|---|---|---|
| 001 | 200129031 | ||
| 655 |
_942476 _aAdventure fiction |
||
| 999 |
_c200129031 _d29961 |
||
| 003 | TR-AnTOB | ||
| 005 | 20231221150617.0 | ||
| 008 | 160802s 2 tu 000 0 | ||
| 020 | _a9780718156084 | ||
| 040 | _aTR-AnTOB | ||
| 041 | _aeng | ||
| 050 |
_aPS3553.U75 _bS73 2009 |
||
| 090 | _aPS3553.U75.S73 2009 | ||
| 100 | 1 |
_aCussler, Clive _950124 |
|
| 245 | 1 | 0 |
_aSpartan gold _bwith Grant Blackwood / _cClive Cussler. |
| 264 | 1 |
_aNew York : _bbBerkley Books, _c2009 |
|
| 300 |
_a375 p. : _bbill. ; _c24 cm |
||
| 650 | 0 | 0 |
_aTreasure troves _988163 |
| 655 | 0 |
_aGerilim romanı _984415 |
|
| 655 | 0 |
_aMacera romanı _984416 |
|
| 655 | 0 |
_aSuspense fiction _973830 |
|
| 999 | _tT.o 11.04.2012 | ||
| 942 | _cBK | ||